|
|
|
|
| LEADER |
01814cam a2200493 i 4500 |
| 001 |
nkc20172900501 |
| 003 |
CZ PrNK |
| 005 |
20170616115235.0 |
| 007 |
ta |
| 008 |
170510s2017 xr g 000 j cze d |
| 015 |
|
|
|a cnb002900501
|
| 020 |
|
|
|a 978-80-7252-677-2
|q (brožováno)
|
| 035 |
|
|
|a (OCoLC)993636915
|
| 040 |
|
|
|a ULG001
|b cze
|d OLA001
|e rda
|
| 041 |
1 |
|
|a cze
|h eng
|
| 072 |
|
7 |
|a 821.111(73)-3
|x Americká próza
|2 Konspekt
|9 25
|
| 080 |
|
|
|a 821.111(73)-32
|2 MRF
|
| 080 |
|
|
|a 636.8
|2 MRF
|
| 080 |
|
|
|a 179.3
|2 MRF
|
| 080 |
|
|
|a (0:82-32)
|2 MRF
|
| 100 |
1 |
|
|a Newmark, Amy
|7 xx0127662
|4 aut
|
| 240 |
1 |
0 |
|a Chicken soup for the soul: the cat did what?
|l Česky
|
| 245 |
1 |
0 |
|a Slepičí polévka pro duši :
|b o kočkách a lidech : 101 hebkých příběhů o malých zázracích, moudrosti... a škodolibosti /
|c Amy Newmarková ; předmluva: Miranda Lambertová ; z anglického originálu přeložila Bronislava Bartoňová
|
| 246 |
3 |
0 |
|a O kočkách a lidech
|
| 250 |
|
|
|a Vydání první
|
| 264 |
|
1 |
|a Praha :
|b Práh,
|c 2017
|
| 300 |
|
|
|a 399 stran ;
|c 21 cm
|
| 336 |
|
|
|a text
|b txt
|2 rdacontent
|
| 337 |
|
|
|a bez média
|b n
|2 rdamedia
|
| 338 |
|
|
|a svazek
|b nc
|2 rdacarrier
|
| 650 |
0 |
7 |
|a kočky
|7 ph115000
|2 czenas
|
| 650 |
0 |
7 |
|a člověk a zvíře
|7 ph128185
|2 czenas
|
| 650 |
0 |
9 |
|a cats
|2 eczenas
|
| 650 |
0 |
9 |
|a human-animal relationships
|2 eczenas
|
| 655 |
|
7 |
|a americké povídky
|7 fd131793
|2 czenas
|
| 655 |
|
9 |
|a American short stories
|2 eczenas
|
| 700 |
1 |
|
|a Lambert, Miranda,
|d 1983-
|7 xx0071108
|4 wfw
|
| 700 |
1 |
|
|a Bartoňová, Bronislava
|7 xx0069183
|4 trl
|
| 910 |
2 |
|
|a BOA001
|b 2-1390.246
|
| 920 |
|
|
|a KN3148000001163336
|z ULG001
|
| 990 |
|
|
|a BK
|
| 995 |
|
|
|a 01
|
| 991 |
|
|
|b 201706
|c NOV
|
| 996 |
6 |
|
|b 2610709756
|c 2-1390.246
|l MZK
|r Sklad / do 1 hodiny
|n 0
|p p.v.
|w 001614773
|u 000010
|a 1
|e BOA001
|j MZK50
|s P
|